00920nac a22002291u 4500010001700000082001700017090001500034100003400049245003500083250001200118260005000130300003000180500002600210500002000236650001400256856009100270856006800361856010600429942001900535999001500554952012100569 a 200426898000a658.45bM238 c4154d4154 aMalash, Farouk. 00aBusiness law /cFarouk Malash. a2nd ed. a Egypt;aAlexandria :b El-Shenhapy,cC.1999. a191 p. :bforms ;c22 cm. aSome texts In arabic. aIncludes index. 0aBusiness.423Publisher descriptionuhttp://www.loc.gov/catdir/enhancements/fy0620/2004268980-d.html42uhttp://www.loc.gov/catdir/enhancements/fy0620/2004268980-t.html423Contributor biographical informationuhttp://www.loc.gov/catdir/enhancements/fy0723/2004268980-b.html cBBk658.45M238 c4154d4154 00104070aMAINbMAINc1STd2007-08-23ePurchasel6m11o658.45 MALp000005226r2025-07-15 00:00:00s2020-03-07yBB